Democracia y cultura política /
Este ensayo pretende exponer el peso de las culturas en la emergencia y la sobrevivencia de la democracia. Un estudio con mucha información empírica y comparativa que echa por tierra muchas ideas más arraigadas sobre el tema
Guardado en:
| Hovedforfatter: | |
|---|---|
| Andre forfattere: | , |
| Format: | Texto |
| Fag: | |
| Tags: |
Tilføj Tag
Ingen Tags, Vær først til at tagge denne postø!
|
MARC
| LEADER | 00000 a a2200000 04500 | ||
|---|---|---|---|
| 001 | 9664 | ||
| 003 | |||
| 040 | |||
| 100 | |a Przeworski, Adam | ||
| 245 | |a Democracia y cultura política / |c Adam Przeworski ; José Antonio Cheibub ; Fernando Limongi | ||
| 520 | |a Este ensayo pretende exponer el peso de las culturas en la emergencia y la sobrevivencia de la democracia. Un estudio con mucha información empírica y comparativa que echa por tierra muchas ideas más arraigadas sobre el tema | ||
| 650 | |a CULTURA | ||
| 650 | |a DEMOCRACIA | ||
| 650 | |a TEORIA POLITICA | ||
| 650 | |a INVESTIGACION | ||
| 700 | |a Cheibub, José Antonio | ||
| 700 | |a Limongi, Fernando | ||
| 773 | |g volumen 8, número 33; páginas 52-69 | ||
| 999 | |c 33988 |d 33988 | ||
